Estética de las proporciones en la naturaleza y en las artes /
Guardado en:
| Autor Principal: | |
|---|---|
| Formato: | Libro |
| Publicado: |
Buenos Aires :
Poseidón,
1953
|
| Materias: | |
| Etiquetas: |
Agregar Etiqueta
Sin Etiquetas, Sea el primero en etiquetar este registro!
|
| LEADER | 00474nam a22001575a 4500 | ||
|---|---|---|---|
| 001 | CEM.cems009656 | ||
| 005 | 20080723124902.0 | ||
| 008 | 130507s1953##################000#0#####d | ||
| 003 | CEMS | ||
| 082 | 0 | 4 | |a 101 |
| 100 | 1 | |a Ghyka, Matilda C. | |
| 245 | 1 | 0 | |a Estética de las proporciones en la naturaleza y en las artes / |c Matilda C. Ghyka |
| 260 | |a Buenos Aires : |b Poseidón, |c 1953 | ||
| 300 | |a 266 p. | ||
| 653 | |a Estética | ||
| 859 | |a CEMS |b BIB. CEMS - 11 de abril |h 101 |i G346 |p 2000.74 |t Ej.1 | ||
